000 00323nam a2200157Ia 4500
100 _aShaikh/I.A
650 _aPhysics
942 _cBK
366 _f15
654 _aapplied physics II
245 _aApplied Physics II
260 _bTech-Max
_aPune
_c2008
082 _a530/SHA
_bSHA
546 _aENGLISH
999 _c32973
_d32973